01117nac a22002891i 4500003000900000005001700009008004100026020001500067040004300082082002000125100004200145245020400187250002000391250002100411264004800432300002300480336002600503337002800529338002700557500002100584650003000605655001700635700002900652942001200681999001500693952011900708EG-ScBUE20240911100354.0240911r20031998ii f 001 0 eng d a070698675X aEG-ScBUEbengerdacEG-ScBUEdEG-ScBUE04a512.02bKHA2221 aKhanna, Vijay K., eauthor.12aA course in abstract algebra /bVijay K. Khanna, Department of Mathematics, Kirori Mal College, University of Delhi, S. K. Bhambri, Department of Mathematics, Kirori Mal College, University of Delhi. aSecond edition. aRevised edition. 1aNew Delhi :bVikas Publishing House,c2003. a602 pages ;c25 cm 2rdacontentatextbtxt aunmediated2rdamediabn avolumebnc2rdacarrier aIncludes index.  7aAlgebra, Abstract.2BUEsh vReading book1 aBhambri, S. K.,eauthor. cBB2ddc c3182d3182 00102ddc40708AlahramaMAINbMAINc1STd2007-03-26ePurchasel0o512.02 KHAp000030214r2025-07-15 00:00:00yBB